Statistics for Men's tennis: Top US Open Winners (Open Era)

Click here to take the quiz!

General Stats

  • This quiz has been taken 676 times
    (236 since last reset)
  • The average score is 9 of 10

Answer Stats

Hint Answer % Correct
5Roger Federer
99%
4Rafael Nadal
96%
5Pete Sampras
95%
3Novak Djokovic
95%
2Andre Agassi
91%
4John McEnroe
90%
5Jimmy Connors
84%
3Ivan Lendl
80%
2Stefan Edberg
71%
2Patrick Rafter
53%

Score Distribution

Percentile by Number Answered

Percent of People with Each Score

Your Score History

You have not taken this quiz since the last reset